| 000 | 00350nam a22001337a 4500 | ||
|---|---|---|---|
| 040 | _cNust | ||
| 082 |
_a297.1241 _bGLA |
||
| 100 |
_aAllama Ghulam Rasool Rizvi _9126295 |
||
| 245 | _aTafheem Ul Bukhari | ||
| 250 | _aJild Doyam | ||
| 260 |
_aFaisalabad: _bSahibzada Habib Ur Rehman, _c1980 |
||
| 650 |
_aTafheem Ul Bukhari _9126296 |
||
| 942 |
_2ddc _cBK |
||
| 999 |
_c611999 _d611999 |
||